000
00322nam a22001457a 4500
003
SGT
020
_a
978-81-87108-49-8
082
_a
746.92
_b
SIN
100
_a
SINGHAL, RANJANA
245
_a
FASHION RENDERING
260
_a
UP INDIA
_b
OM BOOKS
_c
2015
300
_a
167
650
_a
FASHION RENDERING
942
_2
ddc
_c
BK
_0
6
999
_c
9947
_d
9947